000
00306nam a22001097a 4500
082
_a
940.53 ROT'S
100
_a
ROTHBERG, ABRAHAM
_9
79273
245
_a
SIEGE EYEWITNESS HISTORY OF WORLD WAR-II THE TOTAL EXPERIENCE IN WORDS AND PHOTGRAPH
260
_a
NEWYORK
_b
BANTAM
_c
1962
300
_a
215P
942
_c
BK
999
_c
584324
_d
584324